Environmental management and economic development / (Record no. 1905)
[ view plain ]
| 000 -LEADER | |
|---|---|
| fixed length control field | 00639cam a2200181 a 4500 |
| 008 - FIXED-LENGTH DATA ELEMENTS--GENERAL INFORMATION | |
| fixed length control field | 890330s1989 mdua b 001 0 eng |
| 020 ## - INTERNATIONAL STANDARD BOOK NUMBER | |
| ISBN | 0801839505 |
| 020 ## - INTERNATIONAL STANDARD BOOK NUMBER | |
| ISBN | 0801839041 (pbk.) |
| 245 00 - TITLE STATEMENT | |
| Title | Environmental management and economic development / |
| Statement of responsibility, etc | Gunter Schramm and Jeremy J. Warford, editors. |
| 260 ## - PUBLICATION, DISTRIBUTION, ETC. (IMPRINT) | |
| Place of publication | Baltimore : |
| Name of publisher | Published for the World Bank [by] Johns Hopkins University Press, |
| Date of publication | c1989. |
| 300 ## - COLLATION | |
| Pagination | x, 208 p. : |
| Other physical details | ill. ; |
| 650 #0 - TRACINGS | |
| Main Subject | Economic development |
| Subdivision (2nd) | Environmental aspects. |
| 650 #0 - TRACINGS | |
| Main Subject | Environmental management. |
| 700 1# - ADDITIONAL AUTHOR | |
| Additional Author | Schramm, Gunter. |
| 700 1# - ADDITIONAL AUTHOR | |
| Additional Author | Warford, Jeremy J. |
| 942 ## - ADDED ENTRY ELEMENTS (KOHA) | |
| Item type | Books |
| 050 00 - LIBRARY OF CONGRESS CALL NUMBER | |
| Classification number | HD75 |
| Item number | .E58 |
| Source of classification or shelving scheme | Not for loan | Permanent location | Current location | Date acquired | Accession No. | Full call number | Barcode. | Koha item type |
|---|---|---|---|---|---|---|---|---|
| Library of Congress Classification | Samuel Ogbemudia Main Library, University of Abuja | Samuel Ogbemudia Main Library, University of Abuja | 01/08/2025 | 99-009059 | HD75.E58 | 2025-0040 | Books |